[Event "Groningen Combinatie op"]
[Site "Groningen"]
[Date "2024.05.10"]
[Round "3"]
[White "Jovanovic, Luka L"]
[Black "Knol, Geon"]
[Result "0-1"]
[WhiteElo "1793"]
[BlackElo "2066"]
[PlyCount "110"]
[EventDate "2024.05.09"]
[EventType "swiss"]
[EventRounds "7"]
[EventCountry "NED"]
[SourceTitle "CB20_2024"]
[SourceDate "2024.05.16"]
[SourceVersion "1"]
[SourceVersionDate "2024.05.16"]
[SourceQuality "1"]

1. Nf3 c6 2. e3 d6 3. b3 Nf6 4. d4 g6 5. Bb2 Bg7 6. Be2 a5 7. c4 a4 8. Qc1 axb3 9. axb3 Rxa1 10. Bxa1 Qa5+ 11. Qc3 Qxc3+ 12. Nxc3 Na6 13. 0-0 Bf5 14. Rc1 0-0 15. Ne1 c5 16. Bd3 Nb4 17. Bxf5 gxf5 18. dxc5 dxc5 19. Na4 Rc8 20. Rd1 e6 21. Nd3 Rd8 22. Ndb2 Rxd1+ 23. Nxd1 Nd7 24. Bxg7 Kxg7 25. Ndb2 e5 26. Kf1 e4 27. Ke2 Kf6 28. f3 Nc6 29. Nc3 Ke5 30. g4 exf3+ 31. Kxf3 fxg4+ 32. Kxg4 Na5 33. Nd3+ Ke6 34. Nf4+ Kd6 35. Ne4+ Kc6 36. Nd2 Kd6 37. Kg5 Ne5 38. h3 Nxb3 39. Nxb3 Nxc4 40. Nd3 b6 41. Kf6 Nxe3 42. Ndxc5 bxc5 43. Nxc5 Kxc5 44. Kxf7 Kd5 45. Kf6 Ke4 46. Kg5 Nf5 47. h4 h6+ 48. Kg6 Kf4 49. Kh5 Kg3 50. Kg6 Kf4 51. Kh5 Ke5 52. Kg6 Ke6 53. Kh5 Kf6 54. Kg4 Ng7 55. h5 Ke5 0-1

[Event "Groningen Combinatie op"]
[Site "Groningen"]
[Date "2024.05.09"]
[Round "1"]
[White "Van der Graaf, Jaap"]
[Black "Knol, Geon"]
[Result "0-1"]
[WhiteElo "1885"]
[BlackElo "2066"]
[PlyCount "60"]
[EventDate "2024.05.09"]
[EventType "swiss"]
[EventRounds "7"]
[EventCountry "NED"]
[SourceTitle "CB20_2024"]
[SourceDate "2024.05.16"]
[SourceVersion "1"]
[SourceVersionDate "2024.05.16"]
[SourceQuality "1"]

1. e4 c6 2. d4 d5 3. Nd2 Nf6 4. e5 Ng8 5. Bd3 g6 6. Ne2 Na6 7. c3 Nc7 8. Nf1 h5 9. Qc2 Nh6 10. Ne3 Ne6 11. f4 Ng7 12. f5 Bxf5 13. Nxf5 Nhxf5 14. Bg5 Qd7 15. 0-0-0 b5 16. Rde1 Ne6 17. h4 Nxg5 18. Bxf5 Qxf5 19. Qxf5 gxf5 20. hxg5 e6 21. Ng1 Be7 22. Nf3 Kd7 23. Rh3 Rag8 24. Reh1 Bxg5+ 25. Kd1 Be7 26. Rxh5 Rxh5 27. Rxh5 Rxg2 28. Rh7 Rxb2 29. Rxf7 Rxa2 30. Nh4 Ke8 0-1

[Event "Groningen op-B 55th"]
[Site "Groningen"]
[Date "2017.12.23"]
[Round "3"]
[White "Haan, Gertjan"]
[Black "Knol, Geon"]
[Result "0-1"]
[WhiteElo "1830"]
[BlackElo "2097"]
[PlyCount "150"]
[EventDate "2017.12.22"]
[EventType "swiss"]
[EventRounds "9"]
[EventCountry "NED"]
[SourceTitle "CBM 182 Extra"]
[Source "ChessBase"]
[SourceDate "2018.02.23"]
[SourceVersion "1"]
[SourceVersionDate "2018.02.23"]
[SourceQuality "1"]

1. d4 c6 2. c4 b5 3. cxb5 cxb5 4. e4 Bb7 5. Nd2 a6 6. Ngf3 Nf6 7. Bd3 e6 8. e5 Nd5 9. Ne4 h6 10. 0-0 Nc6 11. a3 b4 12. b3 a5 13. a4 Qb6 14. Bb2 Nf4 15. Bc2 Ba6 16. Re1 Rd8 17. Qd2 Nd5 18. Rad1 Be7 19. Bb1 Rc8 20. Rc1 0-0 21. Nc5 Bxc5 22. dxc5 Qd8 23. Qc2 g6 24. g3 Nce7 25. Nd4 Nf5 26. Qd2 Qg5 27. f4 Nxd4 28. Bxd4 Qe7 29. Be4 Bb7 30. Qd3 Rc7 31. Rc2 Rfc8 32. Rec1 Bc6 33. Qf3 Nc3 34. Bxc6 Rxc6 35. Bxc3 Qxc5+ 36. Qf2 bxc3 37. Qxc5 Rxc5 38. Kf2 f6 39. exf6 Kf7 40. Ke3 Kxf6 41. Kd3 g5 42. Rxc3 Rd5+ 43. Ke3 Rb8 44. Rb1 gxf4+ 45. gxf4 Kf5 46. Rc4 Kf6 47. b4 axb4 48. Rbxb4 Rxb4 49. Rxb4 Rh5 50. Rd4 Rh3+ 51. Kf2 d5 52. Kg2 Ra3 53. h3 Kf5 54. Kh2 h5 55. Kg2 h4 56. Kh2 Rg3 57. Rd2 Ra3 58. Rd4 Ra2+ 59. Kg1 Rc2 60. Kf1 Rh2 61. Rd3 Kxf4 62. Ra3 Rb2 63. a5 Rb7 64. a6 Ra7 65. Kf2 e5 66. Rf3+ Ke4 67. Re3+ Kd4 68. Ra3 Kc4 69. Ra5 d4 70. Rxe5 Rxa6 71. Rh5 Ra2+ 72. Ke1 Kd3 73. Rxh4 Ke3 74. Kf1 d3 75. Rh8 Ra1+ 0-1

[Event "Groningen op-B 55th"]
[Site "Groningen"]
[Date "2017.12.22"]
[Round "1"]
[White "Benninga, Mark"]
[Black "Knol, Geon"]
[Result "0-1"]
[WhiteElo "1712"]
[BlackElo "2097"]
[PlyCount "114"]
[EventDate "2017.12.22"]
[EventType "swiss"]
[EventRounds "9"]
[EventCountry "NED"]
[SourceTitle "CBM 182 Extra"]
[Source "ChessBase"]
[SourceDate "2018.02.23"]
[SourceVersion "1"]
[SourceVersionDate "2018.02.23"]
[SourceQuality "1"]

1. e4 e5 2. Nf3 Nf6 3. Nc3 Bc5 4. d4 exd4 5. Nxd4 d6 6. Bc4 h6 7. 0-0 Nc6 8. Nxc6 bxc6 9. h3 Rb8 10. e5 dxe5 11. Qxd8+ Kxd8 12. Bxf7 Rf8 13. Bb3 Ba6 14. Rd1+ Kc8 15. Re1 Kb7 16. Na4 Bd6 17. Be3 Ka8 18. Nc5 Bxc5 19. Bxc5 Rfe8 20. Bf7 Red8 21. b3 e4 22. c4 Bc8 23. Bg6 Bd7 24. Be7 Rg8 25. Bf7 Rh8 26. Bxf6 gxf6 27. Rxe4 Rh7 28. Bh5 Rg7 29. Kh2 a6 30. Rae1 Ka7 31. Be8 Bxe8 32. Rxe8 Rxe8 33. Rxe8 Kb6 34. Re6 Rf7 35. f4 Kc5 36. Kg3 a5 37. Kf3 h5 38. g4 h4 39. g5 fxg5 40. Re5+ Kb4 41. Rxg5 a4 42. bxa4 Kxc4 43. a5 c5 44. Re5 c6 45. f5 Kd4 46. Re4+ Kd3 47. a6 c4 48. Re3+ Kd2 49. Ra3 c3 50. a7 Rxa7 51. Rxa7 c2 52. Rd7+ Ke1 53. Re7+ Kf1 54. f6 c1Q 55. Kg4 Qh6 56. Kf5 Qh5+ 57. Ke6 Qd5# 0-1

[Event "Hoogeveen Unive op 17th"]
[Site "Hoogeveen"]
[Date "2013.10.26"]
[Round "9"]
[White "Knol, Geon"]
[Black "Kolodkin, Daniil"]
[Result "0-1"]
[WhiteElo "2147"]
[BlackElo "1981"]
[PlyCount "76"]
[EventDate "2013.10.18"]
[EventType "swiss"]
[EventRounds "9"]
[EventCountry "NED"]
[SourceTitle "EXT 2014"]
[Source "ChessBase"]
[SourceDate "2013.11.20"]
[SourceVersion "1"]
[SourceVersionDate "2013.11.20"]
[SourceQuality "1"]

1. e4 c5 2. Nc3 Nc6 3. g3 g6 4. Bg2 Bg7 5. d3 b6 6. Be3 Bb7 7. Qd2 d6 8. h3 h5 9. f4 Qd7 10. Nge2 Nd4 11. Nd1 0-0-0 12. a4 f5 13. Bxd4 cxd4 14. a5 e5 15. axb6 axb6 16. c3 dxc3 17. Ndxc3 h4 18. Na4 Qb5 19. Nec3 Qb4 20. Nd5 Qxd2+ 21. Kxd2 Bxd5 22. Nxb6+ Kb8 23. Nxd5 hxg3 24. Ra6 Rd7 25. Rha1 Nf6 26. Ra8+ Kb7 27. Rxh8 Bxh8 28. exf5 Nxd5 29. Bxd5+ Kb6 30. fxg6 exf4 31. h4 Bxb2 32. Rb1 Kc5 33. Rxb2 Kxd5 34. Rb5+ Ke6 35. Rg5 Rg7 36. h5 Kf6 37. Ra5 g2 38. Ra1 Re7 0-1

[Event "Hoogeveen Unive op 17th"]
[Site "Hoogeveen"]
[Date "2013.10.24"]
[Round "7"]
[White "Knol, Geon"]
[Black "Van Wessel, Rudy"]
[Result "0-1"]
[WhiteElo "2147"]
[BlackElo "2388"]
[PlyCount "84"]
[EventDate "2013.10.18"]
[EventType "swiss"]
[EventRounds "9"]
[EventCountry "NED"]
[SourceTitle "EXT 2014"]
[Source "ChessBase"]
[SourceDate "2013.11.20"]
[SourceVersion "1"]
[SourceVersionDate "2013.11.20"]
[SourceQuality "1"]

1. e4 d6 2. Nc3 g6 3. g3 Bg7 4. Bg2 c6 5. Nge2 b5 6. d3 b4 7. Nb1 a5 8. a3 Ba6 9. 0-0 Nd7 10. f4 Ngf6 11. h3 0-0 12. Be3 Nb6 13. axb4 axb4 14. Nd2 Nfd7 15. Bd4 e5 16. fxe5 Nxe5 17. Nf3 Nbd7 18. Nxe5 Nxe5 19. Be3 c5 20. Kh2 Bb7 21. Qd2 Re8 22. Bh6 Bxh6 23. Qxh6 Rxa1 24. Rxa1 b3 25. d4 cxd4 26. Nxd4 bxc2 27. Nxc2 Qb6 28. b4 Qf2 29. Ne1 Bxe4 30. Qf4 Qb2 31. Rd1 Nc4 32. Qc1 Qe2 33. Kg1 d5 34. Bf1 Qa2 35. Qc3 Qa6 36. Qd4 Qd6 37. Kh2 Qxb4 38. Bg2 Qb3 39. Bxe4 Rxe4 40. Qxd5 Re2+ 41. Kh1 Qxg3 42. Qxc4 Rh2# 0-1

[Event "Terre degli Elimi op 4th"]
[Site "Erice"]
[Date "2013.07.25"]
[Round "2"]
[White "Spinella, Andrea"]
[Black "Knol, Geon"]
[Result "0-1"]
[WhiteElo "1808"]
[BlackElo "2146"]
[PlyCount "70"]
[EventDate "2013.07.24"]
[EventType "swiss"]
[EventRounds "7"]
[EventCountry "ITA"]
[SourceTitle "EXT 2015"]
[Source "ChessBase"]
[SourceDate "2014.11.20"]
[SourceVersion "1"]
[SourceVersionDate "2014.11.20"]
[SourceQuality "1"]

1. d4 c6 2. e4 g6 3. Nf3 Bg7 4. Nc3 d5 5. Bf4 dxe4 6. Nxe4 Qa5+ 7. Bd2 Qd8 8. Bf4 Nf6 9. Nxf6+ exf6 10. Bc4 0-0 11. 0-0 Nd7 12. h3 Nb6 13. Bb3 Nd5 14. Bg3 a5 15. c4 Ne7 16. Re1 Nf5 17. Bh2 h5 18. d5 c5 19. Nd2 Nd4 20. Ne4 b6 21. Ba4 f5 22. Nd6 Ba6 23. Ne8 Bxc4 24. Nxg7 Kxg7 25. Be5+ Kh7 26. Bxd4 cxd4 27. Bc6 Rc8 28. Bb7 Rc5 29. Qxd4 Qd7 30. b3 Bb5 31. d6 Qxb7 32. Re7 Qd5 33. Qf6 Bc6 34. f3 Rc2 35. Rae1 Rxg2+ 0-1

[Event "Groningen op-A 50th"]
[Site "Groningen"]
[Date "2012.12.29"]
[Round "8"]
[White "Kevlishvili, Robby"]
[Black "Knol, Geon"]
[Result "0-1"]
[WhiteElo "1941"]
[BlackElo "2160"]
[PlyCount "132"]
[EventDate "2012.12.21"]
[EventType "swiss"]
[EventRounds "9"]
[EventCountry "NED"]
[SourceTitle "CBM 152 Extra"]
[Source "ChessBase"]
[SourceDate "2013.02.25"]
[SourceVersion "1"]
[SourceVersionDate "2013.02.25"]
[SourceQuality "1"]

1. e4 e5 2. Nf3 Nf6 3. Nxe5 Nc6 4. Nxc6 dxc6 5. d3 Bc5 6. Be2 Be6 7. Nc3 h5 8. Bg5 Qd6 9. Qd2 Ng4 10. Bxg4 hxg4 11. 0-0-0 Bb4 12. d4 f6 13. e5 Qe7 14. exf6 gxf6 15. Bf4 0-0-0 16. Qe3 Qf7 17. d5 cxd5 18. Nb5 d4 19. Rxd4 Bc4 20. Nxa7+ Kb8 21. Rxd8+ Rxd8 22. Nc6+ bxc6 23. Qb6+ Kc8 24. Qxb4 Qd5 25. b3 Qd4 26. Kb1 Qxf4 27. Qxc4 Qxc4 28. bxc4 Kb7 29. h4 Kb6 30. h5 Kc5 31. h6 Kxc4 32. h7 Rh8 33. Rh6 c5 34. Rxf6 Rxh7 35. Rf4+ Kc3 36. a4 Rh1+ 37. Ka2 Rc1 38. a5 Rxc2+ 39. Ka3 Rc1 40. Ka2 Rc2+ 41. Kb1 Re2 42. Rxg4 Rxf2 43. a6 Rf6 44. Rg5 Kb4 45. Rg7 Rxa6 46. Rxc7 Rg6 47. Rh7 c4 48. Rh3 Rxg2 49. Rf3 Rd2 50. Kc1 Rd4 51. Kc2 Rg4 52. Rh3 Rg2+ 53. Kb1 Rg5 54. Kb2 Rd5 55. Rg3 Rd3 56. Rg1 Rd2+ 57. Kc1 Kc3 58. Rg4 Rd3 59. Rg2 Rh3 60. Rg1 Kb3 61. Rg8 Rh1+ 62. Kd2 c3+ 63. Ke2 c2 64. Rb8+ Ka4 65. Ra8+ Kb5 66. Rb8+ Ka6 0-1

[Event "Groningen op-A 50th"]
[Site "Groningen"]
[Date "2012.12.23"]
[Round "3"]
[White "Vereggen, Lars"]
[Black "Knol, Geon"]
[Result "0-1"]
[WhiteElo "2059"]
[BlackElo "2160"]
[PlyCount "74"]
[EventDate "2012.12.21"]
[EventType "swiss"]
[EventRounds "9"]
[EventCountry "NED"]
[SourceTitle "CBM 152 Extra"]
[Source "ChessBase"]
[SourceDate "2013.02.25"]
[SourceVersion "1"]
[SourceVersionDate "2013.02.25"]
[SourceQuality "1"]

1. d4 d5 2. Nf3 Nf6 3. g3 e6 4. Bg2 Be7 5. 0-0 0-0 6. c4 dxc4 7. Ne5 Nc6 8. Nxc6 bxc6 9. Bxc6 Rb8 10. Bg2 Bb7 11. Nc3 Bxg2 12. Kxg2 c5 13. dxc5 Qc8 14. Qa4 Bxc5 15. Qxc4 Qc6+ 16. f3 Rb4 17. Qd3 Bb6 18. Rd1 Rd4 19. Qc2 Rxd1 20. Qxd1 Rd8 21. Qe1 h6 22. Bf4 Nd5 23. Nxd5 Qxd5 24. Qc3 Qb5 25. Kf1 Qf5 26. Kg2 Qb5 27. Kf1 Bd4 28. Qb3 Qxb3 29. axb3 e5 30. Bc1 Bc5 31. e3 Rd1+ 32. Ke2 Rh1 33. h4 f5 34. Kd2 Bb4+ 35. Kc2 a5 36. Rb1 e4 37. fxe4 fxe4 0-1

[Event "Amsterdam Science Park op-A 2nd"]
[Site "Amsterdam"]
[Date "2012.07.17"]
[Round "4"]
[White "Knol, Geon"]
[Black "Henseler, Jorgen"]
[Result "1-0"]
[WhiteElo "2156"]
[BlackElo "2075"]
[PlyCount "113"]
[EventDate "2012.07.14"]
[EventType "swiss"]
[EventRounds "9"]
[EventCountry "NED"]
[SourceTitle "CBM 149 Extra"]
[Source "ChessBase"]
[SourceDate "2012.08.24"]
[SourceVersion "1"]
[SourceVersionDate "2012.08.24"]
[SourceQuality "1"]

1. c3 d5 2. g3 e5 3. d4 e4 4. Na3 Nf6 5. h4 Be7 6. Nh3 Nbd7 7. Nc2 Nb6 8. Bg2 0-0 9. Bf4 Bd7 10. Ne3 a5 11. Bg5 Ng4 12. Nxg4 Bxg4 13. Bxe7 Qxe7 14. Nf4 Qd7 15. 0-0 h6 16. f3 exf3 17. exf3 Bf5 18. b3 Rfe8 19. Qd2 Re7 20. Rfe1 Rae8 21. Kf2 Qd6 22. Bf1 Nd7 23. Rxe7 Rxe7 24. Re1 c6 25. Rxe7 Qxe7 26. c4 dxc4 27. bxc4 b6 28. c5 bxc5 29. Qxa5 Qd6 30. d5 cxd5 31. Qa8+ Kh7 32. Qxd5 Qxd5 33. Nxd5 Be6 34. Nc3 Ne5 35. a4 Nc6 36. Ke3 Bb3 37. Bb5 Na5 38. Ne4 c4 39. Kd4 Bd1 40. f4 Kg6 41. Nc3 Bf3 42. Kc5 Nb7+ 43. Kxc4 Nd6+ 44. Kc5 Nxb5 45. axb5 Kf5 46. Nd5 Ke6 47. Ne3 f6 48. Nc2 Be4 49. Nd4+ Kd7 50. f5 g5 51. fxg6 Bxg6 52. Kd5 Bf7+ 53. Ke4 Bg6+ 54. Kf4 h5 55. Nf5 Kc7 56. Ne7 Bd3 57. Nd5+ 1-0

[Event "Maastricht Limburg op-A 6th"]
[Site "Maastricht"]
[Date "2012.05.27"]
[Round "5.10"]
[White "Dambacher, Martijn"]
[Black "Knol, Geon"]
[Result "1-0"]
[WhiteElo "2484"]
[BlackElo "2130"]
[PlyCount "21"]
[EventDate "2012.05.25"]
[EventType "swiss"]
[EventRounds "7"]
[EventCountry "NED"]
[SourceTitle "CBM 148 Extra"]
[Source "ChessBase"]
[SourceDate "2012.06.22"]
[SourceVersion "1"]
[SourceVersionDate "2012.06.22"]
[SourceQuality "1"]

1. d4 c6 2. c4 b5 3. cxb5 cxb5 4. e4 Bb7 5. Nf3 Bxe4 6. Nc3 Bb7 7. Bxb5 Nf6 8. Bg5 Qa5 9. 0-0 Ne4 10. Nxe4 Qxb5 11. Nd6+ 1-0

[Event "Maastricht Limburg op-A 6th"]
[Site "Maastricht"]
[Date "2012.05.26"]
[Round "3.9"]
[White "Ducarmon, Quinten"]
[Black "Knol, Geon"]
[Result "1-0"]
[WhiteElo "2368"]
[BlackElo "2130"]
[PlyCount "101"]
[EventDate "2012.05.25"]
[EventType "swiss"]
[EventRounds "7"]
[EventCountry "NED"]
[SourceTitle "CBM 148 Extra"]
[Source "ChessBase"]
[SourceDate "2012.06.22"]
[SourceVersion "1"]
[SourceVersionDate "2012.06.22"]
[SourceQuality "1"]

1. e4 c6 2. d4 g6 3. Nc3 d5 4. Nf3 dxe4 5. Nxe4 Nf6 6. Nxf6+ exf6 7. Bc4 Bg7 8. Qe2+ Qe7 9. Qxe7+ Kxe7 10. 0-0 Be6 11. Re1 Kd7 12. Be2 Rd8 13. h3 Bf8 14. c4 Bb4 15. Rd1 Ke7 16. Be3 a5 17. a3 Bd6 18. d5 cxd5 19. cxd5 Bd7 20. Nd2 Be8 21. Nc4 Nd7 22. Bd2 b6 23. Nxd6 Kxd6 24. Bf4+ Ne5 25. Be3 Rdc8 26. Bxb6 Rc2 27. Bf1 Rxb2 28. Bd4 Rbb8 29. f4 Nd7 30. a4 Nb6 31. Bxf6 Bxa4 32. Be5+ Kd7 33. Rdb1 Bc2 34. Rb2 Be4 35. Bxb8 Rxb8 36. Rxa5 Ra8 37. Rxa8 Nxa8 38. Bb5+ Kd6 39. Bc6 Nc7 40. Rb6 f5 41. Bb7+ Kd7 42. d6 Bxb7 43. dxc7 Kxc7 44. Rf6 Bd5 45. g4 fxg4 46. hxg4 Kd7 47. Ra6 Bf7 48. g5 Ke7 49. Kf2 Kf8 50. Ke3 Kg7 51. Ra7 1-0

[Event "Groningen op-A 48th"]
[Site "Groningen"]
[Date "2011.12.26"]
[Round "5"]
[White "Knol, Geon"]
[Black "Andraschko, Felix"]
[Result "1-0"]
[WhiteElo "2152"]
[BlackElo "2103"]
[PlyCount "235"]
[EventDate "2011.12.21"]
[EventType "swiss"]
[EventRounds "9"]
[EventCountry "NED"]
[SourceTitle "CBM 146 Extra"]
[Source "ChessBase"]
[SourceDate "2012.02.29"]
[SourceVersion "1"]
[SourceVersionDate "2012.02.29"]
[SourceQuality "1"]

1. e4 c5 2. Nc3 e6 3. d3 d5 4. Nf3 dxe4 5. Nxe4 Be7 6. Be3 Nd7 7. d4 cxd4 8. Qxd4 Ngf6 9. Nd6+ Bxd6 10. Qxd6 Qa5+ 11. c3 Nd5 12. Bd4 N7f6 13. Bc4 Qc7 14. Qxc7 Nxc7 15. Be5 Ncd5 16. Bxd5 Nxd5 17. Bxg7 Rg8 18. Be5 f6 19. Bg3 e5 20. 0-0 Bg4 21. Nd2 0-0-0 22. Nb3 Rde8 23. f3 Bh5 24. Rfe1 Nb6 25. Na5 Rd8 26. f4 Rd5 27. b4 Nd7 28. Nb3 exf4 29. Bxf4 Ne5 30. Bg3 Rd3 31. Rf1 Ng4 32. Rf5 Be8 33. Rc5+ Kd8 34. Re1 b6 35. Rc4 Ne3 36. Rd4+ Rxd4 37. Nxd4 Nd5 38. Rc1 Bd7 39. a3 Rg4 40. Ne2 Bb5 41. Rd1 Bxe2 42. Rxd5+ Ke7 43. Kf2 Bc4 44. Rh5 Rg7 45. Rh4 b5 46. a4 a6 47. Rd4 Rg8 48. Bd6+ Ke6 49. Bg3 Bd5 50. a5 Rg7 51. Rd3 Rf7 52. Bf4 Rg7 53. g3 Rf7 54. h4 h5 55. Ke3 Rd7 56. Rd2 Bb3 57. Rd4 Rd5 58. Re4+ Kf7 59. Bc7 Bc2 60. Rd4 Ke6 61. c4 bxc4 62. Rxc4 Ba4 63. Bf4 Bb5 64. Rc3 Ba4 65. Rc8 Bb5 66. Rh8 Rd3+ 67. Kf2 Rd5 68. Rh6 Kf7 69. Rh7+ Kg6 70. Rb7 Kf5 71. Be3 Kg4 72. Rb6 Kf5 73. Rb8 Kg6 74. Bc5 Rf5+ 75. Ke3 Bf1 76. Bd6 Rd5 77. Rb6 Kf7 78. Bc5 Kg7 79. Bd4 Rf5 80. Rc6 Bb5 81. Rc5 Kg6 82. Rc7 Rd5 83. Ke4 Rf5 84. Bc5 Re5+ 85. Kd4 Kf5 86. Bd6 Re4+ 87. Kd5 Re2 88. Rc3 Re8 89. Rf3+ Kg6 90. Bc7 Re2 91. Rc3 Kf5 92. Kc5 Re6 93. Bd6 Kg6 94. Rf3 Be2 95. Rf4 Bb5 96. Rd4 Re3 97. Kb6 Rc3 98. Rd5 Bf1 99. Bf4 Rb3 100. Rd4 Kf7 101. Ka7 Rc3 102. Kb7 Rb3 103. Rd7+ Kg6 104. Bd6 Kf5 105. Bf8 Rd3 106. Rh7 Kg6 107. Rg7+ Kf5 108. b5 axb5 109. a6 Rd8 110. Bb4 Bg2+ 111. Kb6 Rb8+ 112. Ka5 Bf3 113. a7 Ra8 114. Kxb5 Ke6 115. Kb6 f5 116. Bd2 Kd6 117. Bf4+ Ke6 118. Bb8 1-0

[Event "Hoogeveen Unive op 15th"]
[Site "Hoogeveen"]
[Date "2011.10.20"]
[Round "7"]
[White "Knol, Geon"]
[Black "Beerdsen, Thomas"]
[Result "1-0"]
[WhiteElo "2137"]
[BlackElo "2019"]
[PlyCount "83"]
[EventDate "2011.10.14"]
[EventType "swiss"]
[EventRounds "9"]
[EventCountry "NED"]
[SourceTitle "CBM 144 Extra"]
[Source "ChessBase"]
[SourceDate "2011.10.28"]
[SourceVersion "1"]
[SourceVersionDate "2011.10.28"]
[SourceQuality "1"]

1. e4 c5 2. Nc3 a6 3. g3 d6 4. Bg2 Nc6 5. d3 g6 6. f4 Bg7 7. Be3 Nf6 8. h3 Rb8 9. Nge2 Qc7 10. 0-0 0-0 11. Qd2 b5 12. Rae1 b4 13. Nd1 Bb7 14. g4 Nd7 15. c3 bxc3 16. bxc3 Nb6 17. h4 Qd7 18. Nf2 Ba8 19. g5 Na4 20. Bh3 Qc7 21. Nd1 f5 22. exf5 gxf5 23. d4 Na5 24. d5 Nc4 25. Qc2 Nab2 26. Bxf5 Nxd1 27. Bxh7+ Kh8 28. Qg6 Ndxe3 29. Qh5 Rf6 30. gxf6 exf6 31. Bf5+ Kg8 32. Be6+ Kf8 33. Qh7 Bxd5 34. Qg8+ Ke7 35. Qxg7+ Kxe6 36. Nd4+ cxd4 37. f5+ Ke5 38. Qg3+ Ke4 39. Qf4+ Kd3 40. Qxd4+ Kc2 41. Re2+ Nd2 42. Qxd2# 1-0

[Event "Groningen op-A"]
[Site "Groningen"]
[Date "2010.12.27"]
[Round "6"]
[White "Krause, Ullrich"]
[Black "Knol, Geon"]
[Result "0-1"]
[WhiteElo "2308"]
[BlackElo "2097"]
[PlyCount "76"]
[EventDate "2010.12.21"]
[EventType "swiss"]
[EventRounds "9"]
[EventCountry "NED"]
[SourceTitle "CBM 140 Extra"]
[Source "ChessBase"]
[SourceDate "2011.03.01"]
[SourceVersion "1"]
[SourceVersionDate "2011.03.01"]
[SourceQuality "1"]

1. d4 c6 2. c4 b5 3. cxb5 cxb5 4. e4 Bb7 5. Nd2 b4 6. Ngf3 Nf6 7. Bd3 g6 8. 0-0 Bg7 9. Re1 0-0 10. Nf1 a5 11. Ng3 d6 12. h4 a4 13. h5 Nc6 14. hxg6 hxg6 15. d5 Nb8 16. Bd2 Ng4 17. Rb1 Nd7 18. Qe2 Qb6 19. a3 b3 20. Bb4 Rfc8 21. Rbc1 Bh6 22. Bd2 Bg7 23. Bb4 Nc5 24. Bc4 Ba6 25. Rf1 Bxc4 26. Rxc4 Nd7 27. Rfc1 Rxc4 28. Rxc4 Nge5 29. Nxe5 Nxe5 30. Rc1 Qa6 31. Bc3 Qxe2 32. Nxe2 Nd3 33. Rb1 Rc8 34. Nd4 Rc4 35. Ne2 Bxc3 36. bxc3 Rxe4 37. Kf1 Ne5 38. Nd4 Nc4 0-1

[Event "Groningen op-A"]
[Site "Groningen"]
[Date "2010.12.21"]
[Round "1"]
[White "Knol, Geon"]
[Black "De Jong, Migchiel"]
[Result "0-1"]
[WhiteElo "2097"]
[BlackElo "2406"]
[PlyCount "122"]
[EventDate "2010.12.21"]
[EventType "swiss"]
[EventRounds "9"]
[EventCountry "NED"]
[SourceTitle "CBM 140 Extra"]
[Source "ChessBase"]
[SourceDate "2011.03.01"]
[SourceVersion "1"]
[SourceVersionDate "2011.03.01"]
[SourceQuality "1"]

1. e4 e6 2. d4 d5 3. Bd3 c5 4. c3 dxe4 5. Bxe4 Nf6 6. Bf3 Nc6 7. Ne2 cxd4 8. cxd4 Be7 9. Nbc3 0-0 10. 0-0 Qb6 11. Be3 Qxb2 12. Rb1 Qa3 13. Nb5 Qa5 14. Bf4 Bd7 15. Nc7 Rad8 16. Rxb7 e5 17. Bd2 Qa3 18. Rb3 Qd6 19. Nb5 Qe6 20. Nc7 Qf5 21. d5 Nb8 22. Ng3 Qg6 23. Qb1 Bd6 24. Nb5 Bxb5 25. Rxb5 Rfe8 26. Ne4 Nxe4 27. Bxe4 Qh5 28. Ba5 Rc8 29. Bb4 Bxb4 30. Rxb4 Nd7 31. Bf5 Rcd8 32. Bxd7 Rxd7 33. Rb8 f6 34. Qb3 h6 35. h3 Rxb8 36. Qxb8+ Kh7 37. Qb1+ Qg6 38. Qb5 Rd6 39. Qc5 f5 40. a4 e4 41. Qxa7 Rxd5 42. Qc7 Rd3 43. Kh1 Ra3 44. Qc4 Qd6 45. Qc2 Qa6 46. Qb1 Qxa4 47. f3 Rb3 48. Qc2 Qb5 49. Re1 exf3 50. g4 f2 51. Qxf2 Rxh3+ 52. Kg2 fxg4 53. Re4 Qd5 54. Qd4 Qa2+ 55. Kg1 Qh2+ 56. Kf1 Qh1+ 57. Ke2 Qf3+ 58. Kd2 Rh2+ 59. Kc1 Qa3+ 60. Kd1 Qb3+ 61. Kc1 Qc2# 0-1

[Event "Groningen Atlantis-B"]
[Site "Groningen"]
[Date "2010.08.23"]
[Round "8"]
[White "Knol, Geon"]
[Black "Slagter, Ruben"]
[Result "1/2-1/2"]
[WhiteElo "2062"]
[BlackElo "2069"]
[PlyCount "145"]
[EventDate "2010.08.16"]
[EventType "tourn"]
[EventRounds "9"]
[EventCountry "NED"]
[SourceTitle "CBM 138 Extra"]
[Source "ChessBase"]
[SourceDate "2010.10.29"]
[SourceVersion "1"]
[SourceVersionDate "2010.10.29"]
[SourceQuality "1"]

1. e4 c5 2. Nc3 Nc6 3. g3 g6 4. Bg2 Bg7 5. d3 e6 6. Be3 d6 7. Qd2 Nge7 8. Bh6 0-0 9. h4 f6 10. Bxg7 Kxg7 11. h5 g5 12. h6+ Kh8 13. f4 gxf4 14. gxf4 d5 15. Nf3 Qa5 16. Ne2 Qxd2+ 17. Nxd2 Rg8 18. Bf3 b6 19. Bh5 Ng6 20. 0-0-0 Bb7 21. Rh2 Nd4 22. Nxd4 cxd4 23. Rf1 dxe4 24. Nxe4 Bxe4 25. dxe4 Rac8 26. Kd2 Rc5 27. Bxg6 hxg6 28. Kd3 Rd8 29. h7 Rh5 30. Rxh5 gxh5 31. Rh1 Kxh7 32. Rxh5+ Kg6 33. Rb5 Kf7 34. e5 fxe5 35. Rxe5 Kf6 36. a4 a5 37. Rb5 Rd6 38. Rh5 Rc6 39. Rg5 Rd6 40. Rg8 Ke7 41. Rc8 Kf6 42. Ke4 Rd5 43. Rc4 d3 44. cxd3 b5 45. axb5 Rxb5 46. Rc2 a4 47. d4 Rb3 48. Rc4 Rxb2 49. Rxa4 Rb5 50. Ra8 Rh5 51. Rf8+ Ke7 52. Rg8 Kd6 53. Rg4 Ra5 54. Rg5 Ra1 55. Rg3 Ra5 56. Rc3 Rh5 57. Ra3 Rb5 58. Ra6+ Ke7 59. Ra7+ Kd6 60. Rf7 Rh5 61. Rg7 Ra5 62. Rg5 Ra1 63. f5 Re1+ 64. Kd3 exf5 65. Rxf5 Rd1+ 66. Ke3 Re1+ 67. Kd2 Rh1 68. Re5 Ra1 69. Kd3 Rd1+ 70. Ke4 Re1+ 71. Kf5 Rf1+ 72. Ke4 Re1+ 73. Kf4 1/2-1/2

[Event "Groningen Atlantis-B"]
[Site "Groningen"]
[Date "2010.08.18"]
[Round "3"]
[White "Geurink, Jasper"]
[Black "Knol, Geon"]
[Result "1-0"]
[WhiteElo "2307"]
[BlackElo "2062"]
[PlyCount "91"]
[EventDate "2010.08.16"]
[EventType "tourn"]
[EventRounds "9"]
[EventCountry "NED"]
[SourceTitle "CBM 138 Extra"]
[Source "ChessBase"]
[SourceDate "2010.10.29"]
[SourceVersion "1"]
[SourceVersionDate "2010.10.29"]
[SourceQuality "1"]

1. e4 c5 2. Nf3 d6 3. Bb5+ Bd7 4. Bxd7+ Nxd7 5. 0-0 Ngf6 6. d3 g6 7. c4 Bg7 8. Nc3 0-0 9. Ng5 a6 10. a4 Nb8 11. f4 Nc6 12. f5 Nd4 13. fxg6 hxg6 14. Qe1 Nh7 15. Nxh7 Kxh7 16. Qh4+ Kg8 17. Nd5 Nc6 18. Rf3 f6 19. Rh3 Kf7 20. Qg4 Ne5 21. Qe2 Rh8 22. Rxh8 Qxh8 23. Bf4 Nc6 24. Bg3 Nd4 25. Qf2 Qh5 26. Re1 b5 27. e5 bxc4 28. dxc4 Qf5 29. exd6 Qxf2+ 30. Kxf2 e5 31. b4 cxb4 32. Nxb4 Ke6 33. c5 a5 34. Nd3 Rb8 35. Kf1 Kd7 36. Bf2 Ne6 37. g4 Rb3 38. Re3 e4 39. Ne5+ fxe5 40. Rxb3 Bh6 41. h4 Bd2 42. h5 gxh5 43. gxh5 Kc6 44. Be3 Bxe3 45. Rxe3 Kxc5 46. d7 1-0